Motets /
Saved in:
| Main Author: | |
|---|---|
| Other Authors: | |
| Format: | Musical Score |
| Language: | Latin |
| Published: |
Madison, Wis. :
A-R Editions,
c1998.
|
| Series: | Recent researches in the music of the Baroque Era ;
v. 87. |
| Subjects: | |
| Tags: |
Add Tag
No Tags, Be the first to tag this record!
|
| LEADER | 01800ncm a2200397 a 4500 | ||
|---|---|---|---|
| 001 | 007780618-2 | ||
| 005 | 20070830182824.0 | ||
| 008 | 980612s1998 wiumoa behi n lat d | ||
| 020 | |a 0895794020 | ||
| 035 | 0 | |a ocm39090738 | |
| 035 | 1 | |a MAHS98C651 | |
| 035 | 1 | |z CUBGGLAD15166277 | |
| 040 | |a OCU |c OCU |d CU |d CStRLIN |d MH-Mu | ||
| 041 | 0 | |a lat |e lateng |h lat |g eng | |
| 041 | |a englat | ||
| 050 | 0 | |a M2 |b .R238 vol. 87 | |
| 100 | 1 | |a Cozzolani, Chiara Margarita, |d 1602-approximately 1677. | |
| 240 | 1 | 0 | |a Motets. |k Selections |
| 245 | 0 | 0 | |a Motets / |c Chiara Margarita Cozzolani ; edited by Robert L. Kendrick. |
| 260 | |a Madison, Wis. : |b A-R Editions, |c c1998. | ||
| 300 | |a 1 score (xxxii, 271 p.) : |b facsims. ; |c 31 cm. | ||
| 490 | 1 | |a Recent researches in the music of the Baroque Era, |x 0484-0828 ; |v v. 87 | |
| 500 | |a For 1-5 voices and continuo (organ). | ||
| 500 | |a Figured bass not realized. | ||
| 500 | |a Edited from the original prints (Venice : Vincenti). | ||
| 504 | |a Includes bibliographical references. | ||
| 505 | 0 | |a Motets from Concerti sacri (1642) -- Motets from Salmi a otto voci concertati (1650) -- Fragment from Scherzi di sacra melodia (1648). | |
| 546 | |a Latin words; also printed as text with English translations (p. xvii-xxxii). | ||
| 650 | 0 | |a Motets. | |
| 700 | 1 | |a Kendrick, Robert L. | |
| 700 | 1 | 2 | |a Cozzolani, Chiara Margarita, |d 1602-approximately 1677. |t Concerti sacri. |k Selections. |
| 700 | 1 | 2 | |a Cozzolani, Chiara Margarita, |d 1602-approximately 1677. |t Salmi, Magnificat, motetti et dialoghi. |k Selections. |
| 700 | 1 | 2 | |a Cozzolani, Chiara Margarita, |d 1602-approximately 1677. |t Scherzi di sacra melodia. |p Quis mihi det calicem bibere Domini. |
| 830 | 0 | |a Recent researches in the music of the Baroque Era ; |v v. 87. |x 0484-0828 | |
| 988 | |a 20020608 | ||
| 906 | |0 RLIN | ||


